<?xml version="1.0" encoding="UTF-8"?><?xml-stylesheet type="text/xsl" href="static/style.xsl"?><OAI-PMH xmlns="http://www.openarchives.org/OAI/2.0/" xmlns:xsi="http://www.w3.org/2001/XMLSchema-instance" xsi:schemaLocation="http://www.openarchives.org/OAI/2.0/ http://www.openarchives.org/OAI/2.0/OAI-PMH.xsd"><responseDate>2026-04-19T08:11:48Z</responseDate><request verb="GetRecord" identifier="oai:riubu.ubu.es:10259/10855" metadataPrefix="marc">https://riubu.ubu.es/oai/request</request><GetRecord><record><header><identifier>oai:riubu.ubu.es:10259/10855</identifier><datestamp>2025-09-12T08:20:10Z</datestamp><setSpec>com_10259_2699</setSpec><setSpec>col_10259_2727</setSpec></header><metadata><record xmlns="http://www.loc.gov/MARC21/slim" xmlns:doc="http://www.lyncode.com/xoai" xmlns:xsi="http://www.w3.org/2001/XMLSchema-instance" xmlns:dcterms="http://purl.org/dc/terms/" xsi:schemaLocation="http://www.loc.gov/MARC21/slim http://www.loc.gov/standards/marcxml/schema/MARC21slim.xsd">
<leader>00925njm 22002777a 4500</leader>
<datafield tag="042" ind1=" " ind2=" ">
<subfield code="a">dc</subfield>
</datafield>
<datafield tag="720" ind1=" " ind2=" ">
<subfield code="a">Lubián Hernando, Lara</subfield>
<subfield code="e">author</subfield>
</datafield>
<datafield tag="260" ind1=" " ind2=" ">
<subfield code="c">2025</subfield>
</datafield>
<datafield tag="520" ind1=" " ind2=" ">
<subfield code="a">Durante esta tesis se han investigado las baterías acuosas orgánicas de flujo redox, tecnología muy prometedora para el almacenamiento estacionario de energías renovables. Cabe destacar que entre los principales retos que presenta esta tecnología está su estabilidad, centrándose esta tesis en desarrollar distintas metodologías que sean accesibles y económicas, que permitan generar un conocimiento sobre las distintas causas de pérdida de capacidad, con el fin de avanzar hacia el escalado de esta tecnología. Entre las metodologías desarrolladas se encuentran las celdas estáticas en miniatura, que con poca cantidad de especie activa realizan rápidas evaluaciones y estudios preliminares de procesos de degradación. Además, se han incorporado a las baterías la espectroscopía Raman para monitorizar los procesos que sufren a tiempo real durante el ciclado. Finalmente, se ha diseñado una estrategia innovadora y universal que permite automitigar el desbalanceo faradaico, de forma sencilla y sin costes adicionales.</subfield>
</datafield>
<datafield tag="024" ind2=" " ind1="8">
<subfield code="a">https://hdl.handle.net/10259/10855</subfield>
</datafield>
<datafield tag="024" ind2=" " ind1="8">
<subfield code="a">10.36443/10259/10855</subfield>
</datafield>
<datafield ind1=" " ind2=" " tag="653">
<subfield code="a">Baterías de flujo acuosas orgánicas redox</subfield>
</datafield>
<datafield ind1=" " ind2=" " tag="653">
<subfield code="a">Espectroelectroquímica raman</subfield>
</datafield>
<datafield ind1=" " ind2=" " tag="653">
<subfield code="a">Mecanismos de degradación</subfield>
</datafield>
<datafield ind1=" " ind2=" " tag="653">
<subfield code="a">Celdas estáticas</subfield>
</datafield>
<datafield ind1=" " ind2=" " tag="653">
<subfield code="a">Vida útil</subfield>
</datafield>
<datafield ind1=" " ind2=" " tag="653">
<subfield code="a">Aqueous organic redox flow batteries</subfield>
</datafield>
<datafield ind1=" " ind2=" " tag="653">
<subfield code="a">Raman spectroelectrochemistry</subfield>
</datafield>
<datafield ind1=" " ind2=" " tag="653">
<subfield code="a">Degradation mechanism</subfield>
</datafield>
<datafield ind1=" " ind2=" " tag="653">
<subfield code="a">Static cells</subfield>
</datafield>
<datafield ind1=" " ind2=" " tag="653">
<subfield code="a">Cycle life</subfield>
</datafield>
<datafield tag="245" ind1="0" ind2="0">
<subfield code="a">Avanzando hacia Baterías Acuosas Orgánicas de Flujo Redox de Larga Vida Útil</subfield>
</datafield>
</record></metadata></record></GetRecord></OAI-PMH>